| 000 | 00000nam 2200000zi 4500 |
| 001 | 9.932487 |
| 003 | CaOODSP |
| 005 | 20251003160823 |
| 006 | m o d f |
| 007 | cr cn||||||||| |
| 008 | 240115t20242024onca o f000 0 fre d |
| 020 | |a9780660696393 |
| 040 | |aCaOODSP|bfre|erda|cCaOODSP |
| 043 | |an-cn--- |
| 086 | 1 |aCi4-255/2024F-PDF |
| 245 | 00|aPolitique en matière d'immigration francophone. |
| 264 | 1|a[Ottawa] : |bImmigration, réfugiés et citoyenneté Canada = Immigration, Refugees and Citizenship Canada, |c2024. |
| 264 | 4|c©2024 |
| 300 | |a1 ressource en ligne (45 pages) : |billustrations |
| 336 | |atexte|btxt|2rdacontent/fre |
| 337 | |ainformatique|bc|2rdamedia/fre |
| 338 | |aressource en ligne|bcr|2rdacarrier/fre |
| 500 | |aTitre de la couverture. |
| 500 | |aPublié aussi en anglais sous le titre : Policy on Francophone immigration. |
| 500 | |aLa publication été remplacé le 3 octobre 2025 à la demande par l'éditeur. |
| 520 | |a« La Politique aspire à une présence accrue de communautés francophones et acadienne épanouies qui bénéficient d'une immigration croissante pour enrichir leur tissu social et économique. La réussite globale d’immigrants d’expression française au sein de communautés accueillantes agit à la fois comme condition et comme preuve de l’épanouissement de ces communautés, l'ensemble formant un cercle vertueux » -- Page 4. |
| 650 | 6|aFrançais (Langue)|xPolitique gouvernementale|zCanada. |
| 650 | 6|aMinoriteĢs linguistiques|zCanada. |
| 651 | 6|aCanada|xÉmigration et immigration|xPolitique gouvernementale. |
| 710 | 1 |aCanada. |bImmigration, réfugiés et citoyenneté Canada, |eorganisme de publication. |
| 775 | 08|tPolicy on Francophone immigration.|w(CaOODSP)9.932485 |
| 856 | 40|qPDF|s1.90 Mo|uhttps://publications.gc.ca/collections/collection_2024/ircc/Ci4-255-2024-fra.pdf |
| 856 | 4 |qHTML|sS.O.|uhttps://www.canada.ca/fr/immigration-refugies-citoyennete/organisation/publications-guides/strategie-immigration-francophone-2024.html |
| 986 | |a3658-01-2024 |